1060 1941 1788 1337 1418 1052 1623 1842 1487 1012 1660 1317 1561 1547 1695 1317 1030 1633 1513 1689 1532 1887 1554 1532 1983 1550 1365 1170 1299 1058 1738 1749 1634 1586 1351 1076 1015 1038 1691 1611 1116 1316 1028 1408 1203 1321 1841 1709 1452 1621 1570 1686 1660 1155 1295 1023 1928 1893 1827 1284 1767 1971 1676 1082 1974 1930 1399 1128 1340 1409 1049 1046 1773 1933 1240 1630 1822 1614 1279 1624 1398 1796 1170 1857 1206 1145 1699 1232 1131 1071 1380 1378 1301 1699 1688 1833 1877 1884 1551 BCNSPRNW ULIB Ver.6.0+V

เปลี่ยนเป็นภาษาไทย

Change to English
 แสดงรายละเอียดบรรณานุกรม
  กลับหน้าหลัก

Brief Record : Get Marc (ISO 2709) : E-mail record : QR code < ปิดหน้าต่าง
LEADER : 00000nam 2200000uu 4500
001    13399113176
003     ULIB
008    110930s2552||||th 000 0 tha d
020    9789742129446
050 04 QA76.76^bป621T 2552
100 0  ปิยะกมล ศรัทธาทิพย์
245 10 Tune Up Vista เร่งให้แรง...แต่งให้สุด /^cปิยะกมล ศรัทธาทิพย์
260    กรุงเทพฯ :^bซีเอ็ดยูเคชั่น,^c2552
300    288 หน้า :^bภาพประกอบ
650  7 ไมโครซอฟต์วินโดวส์วิสต้า
650  7 ระบบปฏิบัติการ (คอมพิวเตอร์)
945    ^p189^l0^i027319
945    ^p189^l0^i027320
995    ทศพร
999 ^a ศิริพร
รายการนี้ยังไม่มีแท็ก
คุณยังไม่ได้ล็อกอิน คุณสามารถมีกิจกรรมร่วมกับเว็บไซต์ได้ แต่ต้องล็อกอินก่อน ::
  ล็อกอิน

รายการสื่อสารสนเทศ

ลำดับที่ ประเภท เลขเรียก/บาร์โค้ด สถานที่ สถานะ
- ไม่พบข้อมูล -

รายการใกล้เคียง
    หัวเรื่อง [ไมโครซอฟต์วินโดวส์วิสต้า]
    หัวเรื่อง [ระบบปฏิบัติการ (คอมพิวเตอร์)]

BibComment


ยังไม่เคยถูกคอมเมนท์

คอมเมนท์ทรัพยากรรายการนี้
  คอมเมนท์: Tune Up Vista เร่..


 Copyright 2026. Bcnsprnw @Library